[Event "NATO-ch 23nd"]
[Site "Brest"]
[Date "2012.10.02"]
[Round "3.1"]
[White "Nielsen, Jan Mose"]
[Black "Drabke, Lorenz Maximilian"]
[Result "0-1"]
[WhiteElo "2122"]
[BlackElo "2411"]
[PlyCount "54"]
[EventDate "2012.10.01"]
[EventType "swiss"]
[EventRounds "7"]
[EventCountry "FRA"]

1. e4 c5 2. Nf3 e6 3. d4 cxd4 4. Nxd4 a6 5. Nc3 Qc7 6. Bd3 Nf6 7. O-O Bc5 8.
Nde2 Nc6 9. Ng3 h5 10. Be2 Qe5 11. Bf3 h4 12. Nge2 g5 13. g3 g4 14. Bg2 Qh5 15.
gxh4 Qxh4 16. Bf4 Nh5 17. Bd6 Nd4 18. Nxd4 Bxd6 19. h3 Nf4 20. Qxg4 Qh7 21. Nf5
exf5 22. exf5 Rg8 23. Rfe1+ Kf8 24. Qd1 Rxg2+ 25. Kf1 Rg1+ 26. Kxg1 Qg7+ 27.
Kh1 Qg2# 0-1

[Event "NATO-ch 23nd"]
[Site "Brest"]
[Date "2012.10.02"]
[Round "3.2"]
[White "Wantiez, Fabrice"]
[Black "Michalski, Daniel"]
[Result "1-0"]
[WhiteElo "2337"]
[BlackElo "2154"]
[PlyCount "119"]
[EventDate "2012.10.01"]
[EventType "swiss"]
[EventRounds "7"]
[EventCountry "FRA"]

1. e4 d5 2. exd5 Qxd5 3. Nc3 Qd6 4. g3 Nc6 5. Bg2 Bf5 6. d3 Nf6 7. Be3 e6 8.
Nf3 Be7 9. O-O O-O 10. h3 Nd5 11. Bd2 Rad8 12. Qe2 Qd7 13. Rab1 Ndb4 14. Be3
Nd5 15. Nxd5 exd5 16. g4 Bg6 17. Qd2 d4 18. Bf4 Bb4 19. Qc1 f6 20. a3 Bd6 21.
Nh4 Bf7 22. Nf5 Bxf4 23. Qxf4 Be6 24. Rfe1 Bxf5 25. Qxf5 Qxf5 26. gxf5 Rfe8 27.
f4 Kf8 28. Kf2 Ne7 29. Bxb7 Nxf5 30. Be4 Ne7 31. b4 f5 32. Bf3 Nd5 33. Rxe8+
Kxe8 34. Re1+ Kf7 35. Re5 Ne3 36. Rc5 Rd7 37. c3 Nc2 38. Rxf5+ Ke7 39. c4 Nxa3
40. Re5+ Kf6 41. Ra5 Nc2 42. b5 Nb4 43. Be4 c5 44. bxc6 Rc7 45. Rb5 Na6 46. Rd5
Ke7 47. Rxd4 Nb4 48. c5 Nxc6 49. Ra4 g6 50. Bxc6 Rxc6 51. Rxa7+ Ke6 52. d4 Kd5
53. Rd7+ Ke4 54. Rd6 Rc8 55. c6 Ra8 56. c7 Ra2+ 57. Kg3 Ra3+ 58. Kg4 Rc3 59.
Rd7 h6 60. d5 1-0

[Event "NATO-ch 23nd"]
[Site "Brest"]
[Date "2012.10.02"]
[Round "3.3"]
[White "Onley, David"]
[Black "Sypien, Mateusz"]
[Result "0-1"]
[WhiteElo "2107"]
[BlackElo "2269"]
[PlyCount "76"]
[EventDate "2012.10.01"]
[EventType "swiss"]
[EventRounds "7"]
[EventCountry "FRA"]

1. e4 c5 2. Nf3 Nc6 3. Bb5 Qc7 4. O-O a6 5. Bxc6 Qxc6 6. d4 cxd4 7. Qxd4 e6 8.
Nc3 Qc7 9. Bg5 f6 10. Bh4 Bc5 11. Qd3 Ne7 12. Bg3 e5 13. Na4 d6 14. Nd2 Be6 15.
Nxc5 dxc5 16. f4 Rd8 17. Qe3 exf4 18. Bxf4 Qc6 19. Nb3 b6 20. Qg3 O-O 21. Rad1
Ng6 22. Bc7 Rxd1 23. Rxd1 Qxe4 24. Bxb6 Qxc2 25. Rc1 Qxb2 26. Bxc5 Rc8 27. Qf2
Qe5 28. Re1 Qd5 29. Qe3 Ne5 30. Qd4 Qc6 31. Rc1 Qb5 32. Qd6 Bxb3 33. axb3 Qd7
34. Ra1 Qf5 35. b4 Nd3 36. Qxa6 Rxc5 37. bxc5 Qxc5+ 38. Kh1 Nf2+ 0-1

[Event "NATO-ch 23nd"]
[Site "Brest"]
[Date "2012.10.02"]
[Round "3.4"]
[White "Gooris, Jan"]
[Black "Nill, Oliver"]
[Result "1/2-1/2"]
[WhiteElo "2101"]
[BlackElo "2193"]
[PlyCount "71"]
[EventDate "2012.10.01"]
[EventType "swiss"]
[EventRounds "7"]
[EventCountry "FRA"]

1. d4 g6 2. Nf3 Bg7 3. g3 Nf6 4. Bg2 O-O 5. O-O d6 6. c4 c5 7. Nc3 Nc6 8. d5
Na5 9. Qd3 a6 10. Bd2 Rb8 11. e4 b5 12. b3 bxc4 13. bxc4 Bg4 14. Nh4 Nd7 15. f4
Nb6 16. f5 Nbxc4 17. h3 Nxd2 18. Qxd2 Nc4 19. Qd3 Nb2 20. Qc2 Qa5 21. Rac1 Qxc3
22. Qxc3 Bxc3 23. Rxc3 Be2 24. Ra1 Na4 25. Rc2 Bd3 26. Rd2 c4 27. fxg6 fxg6 28.
e5 dxe5 29. Re1 Rfc8 30. Kf2 c3 31. Rxd3 c2 32. d6 exd6 33. Bd5+ Kg7 34. Bb3
Nc5 35. Bxc2 Rb2 36. Rd2 1/2-1/2

[Event "NATO-ch 23nd"]
[Site "Brest"]
[Date "2012.10.02"]
[Round "3.5"]
[White "Sirch, Franz"]
[Black "Bieluszewski, Piotr"]
[Result "1/2-1/2"]
[WhiteElo "2173"]
[BlackElo "2107"]
[PlyCount "53"]
[EventDate "2012.10.01"]
[EventType "swiss"]
[EventRounds "7"]
[EventCountry "FRA"]

1. e4 c5 2. Nc3 Nc6 3. g3 g6 4. Bg2 Bg7 5. d3 Rb8 6. Be3 d6 7. Qd2 b5 8. Nge2
Nd4 9. O-O b4 10. Nd1 Bg4 11. f3 Bd7 12. Nc1 a5 13. c3 Nc6 14. Ne2 bxc3 15.
bxc3 Ne5 16. Nf2 Nf6 17. Bh6 O-O 18. Bxg7 Kxg7 19. Rab1 Qc7 20. f4 Neg4 21.
Nxg4 Bxg4 22. d4 Bxe2 23. Qxe2 cxd4 24. e5 Ng8 25. cxd4 Rxb1 26. Rxb1 Rb8 27.
Rxb8 1/2-1/2

[Event "NATO-ch 23nd"]
[Site "Brest"]
[Date "2012.10.02"]
[Round "3.6"]
[White "Kaczorowski, Piotr"]
[Black "Helbig, Mark"]
[Result "1-0"]
[WhiteElo "2054"]
[BlackElo "2308"]
[PlyCount "91"]
[EventDate "2012.10.01"]
[EventType "swiss"]
[EventRounds "7"]
[EventCountry "FRA"]

1. a3 h6 2. d4 Nf6 3. c4 e6 4. Nc3 d5 5. Nf3 c6 6. e3 Nbd7 7. Bd3 Bd6 8. O-O
O-O 9. e4 dxc4 10. Bxc4 e5 11. h3 b5 12. Bb3 a6 13. Be3 Bb7 14. dxe5 Nxe5 15.
Nd4 Re8 16. f4 Ned7 17. e5 Bf8 18. exf6 Rxe3 19. Nf5 Rxc3 20. bxc3 Qb6+ 21. Kh1
Nxf6 22. a4 Rd8 23. Qe1 Qc5 24. Qe5 Nd5 25. Rad1 Rc8 26. Rf3 g6 27. Rg3 Rc7 28.
Bxd5 cxd5 29. axb5 axb5 30. Nd4 Bd6 31. Qe8+ Kh7 32. Ne6 Qc6 33. Nxc7 Qxc7 34.
Qxb5 Bc6 35. Qf1 Qe7 36. Rf3 Qf6 37. Qf2 Qe7 38. Re1 Qb7 39. Qd4 Bf8 40. Rf2
Bg7 41. Qb4 Qd7 42. f5 Qa7 43. fxg6+ fxg6 44. Rfe2 d4 45. Re7 Qa2 46. Rxg7+ 1-0

[Event "NATO-ch 23nd"]
[Site "Brest"]
[Date "2012.10.02"]
[Round "3.7"]
[White "Pedersen, Finn"]
[Black "Picart, Laurent"]
[Result "1-0"]
[WhiteElo "2291"]
[BlackElo "2103"]
[PlyCount "73"]
[EventDate "2012.10.01"]
[EventType "swiss"]
[EventRounds "7"]
[EventCountry "FRA"]

1. Nf3 Nf6 2. g3 d5 3. Bg2 c6 4. d3 Nbd7 5. O-O e5 6. Nc3 Bc5 7. Bg5 O-O 8. e4
dxe4 9. Nxe4 Be7 10. Nxf6+ Bxf6 11. Bd2 Re8 12. Re1 Nf8 13. Bc3 Ng6 14. Nd2 Be6
15. h4 Qc7 16. h5 Nf8 17. h6 g6 18. f4 Nd7 19. Ne4 Bh8 20. Qd2 Rad8 21. Rf1 f5
22. Ng5 Nb6 23. Rae1 Bd5 24. Bh3 Na4 25. Bxe5 Bxe5 26. fxe5 Rxe5 27. Qf4 Re7
28. c4 Bf7 29. b3 Nc5 30. Rxe7 Qxe7 31. Nxf7 Kxf7 32. d4 Ne6 33. Qe5 Rxd4 34.
Qh8 Qc5 35. Qxh7+ Kf6 36. Kh1 Qe7 37. Rxf5+ 1-0

[Event "NATO-ch 23nd"]
[Site "Brest"]
[Date "2012.10.02"]
[Round "3.8"]
[White "Guidez, Yann Michael"]
[Black "Cheung, Jan W"]
[Result "1-0"]
[WhiteElo "2262"]
[BlackElo "2085"]
[PlyCount "105"]
[EventDate "2012.10.01"]
[EventType "swiss"]
[EventRounds "7"]
[EventCountry "FRA"]

1. d4 Nf6 2. Nf3 g6 3. g3 Bg7 4. Bg2 O-O 5. O-O d5 6. c4 dxc4 7. Na3 c3 8. bxc3
c5 9. Rb1 Nc6 10. Ne5 Nd5 11. Nxc6 bxc6 12. Qd2 cxd4 13. cxd4 Ba6 14. Rd1 Qc7
15. e4 Nb6 16. Qa5 Qc8 17. Be3 Bb7 18. Rbc1 Qe6 19. d5 cxd5 20. exd5 Qg4 21.
Qb5 Rac8 22. h3 Qa4 23. Bxb6 Qxb5 24. Nxb5 axb6 25. d6 Rxc1 26. Rxc1 Bxg2 27.
dxe7 Re8 28. Kxg2 Rxe7 29. Rc8+ Bf8 30. Kf3 Re5 31. a4 Kg7 32. g4 Rd5 33. Ke4
Rd2 34. Rc6 Rxf2 35. Rxb6 Rh2 36. a5 Bc5 37. Rc6 Bg1 38. Rc1 Rb2 39. Rxg1 Rxb5
40. Ra1 f5+ 41. Kd4 fxg4 42. a6 Rb8 43. hxg4 Kf6 44. Ra5 h6 45. a7 Ra8 46. Ke4
h5 47. g5+ Kf7 48. Ke5 Ke7 49. Ra6 Kf7 50. Kd5 Ke7 51. Rxg6 Kf7 52. Ra6 Kg7 53.
Ke4 1-0

[Event "NATO-ch 23nd"]
[Site "Brest"]
[Date "2012.10.02"]
[Round "3.9"]
[White "Pazeriene, Diana"]
[Black "Rosenkilde, Alexander"]
[Result "0-1"]
[WhiteElo "2030"]
[BlackElo "2260"]
[PlyCount "50"]
[EventDate "2012.10.01"]
[EventType "swiss"]
[EventRounds "7"]
[EventCountry "FRA"]

1. d4 Nf6 2. Nf3 e6 3. c4 b6 4. g3 Bb7 5. Bg2 Bb4+ 6. Bd2 Be7 7. Nc3 d5 8. O-O
O-O 9. cxd5 exd5 10. Qb3 Nbd7 11. Be3 Re8 12. Ne5 c6 13. Nxd7 Qxd7 14. Rad1 Bd6
15. Bg5 Ne4 16. Nxe4 dxe4 17. f3 c5 18. Kh1 exf3 19. exf3 Qf5 20. dxc5 Bxc5 21.
Bf4 h5 22. h4 Re2 23. Rfe1 Rae8 24. Qc3 Bxf3 25. Rxe2 Qh3# 0-1

[Event "NATO-ch 23nd"]
[Site "Brest"]
[Date "2012.10.02"]
[Round "3.10"]
[White "Giua, Frederic"]
[Black "Hansen, Stefan"]
[Result "1-0"]
[WhiteElo "2237"]
[BlackElo "2062"]
[PlyCount "57"]
[EventDate "2012.10.01"]
[EventType "swiss"]
[EventRounds "7"]
[EventCountry "FRA"]

1. Nf3 d5 2. c4 c6 3. e3 Nf6 4. Nc3 g6 5. Be2 Bg7 6. O-O O-O 7. d4 Nbd7 8. cxd5
cxd5 9. Qb3 e6 10. Bd2 Qb6 11. Qc2 Rd8 12. Rfc1 Nb8 13. Ne5 Bd7 14. Nxd7 Nfxd7
15. Na4 Qd6 16. Qb3 Nb6 17. Bb4 Qd7 18. Nc5 Qe8 19. Nxb7 Rc8 20. Nd6 Rxc1+ 21.
Rxc1 Qd8 22. Nb7 Qd7 23. Nc5 Qd8 24. Ba5 N8d7 25. Bb5 Rc8 26. Bxd7 Qxd7 27.
Bxb6 axb6 28. Qxb6 Qa4 29. Qd8+ 1-0

[Event "NATO-ch 23nd"]
[Site "Brest"]
[Date "2012.10.02"]
[Round "3.11"]
[White "Keough, Robert W"]
[Black "Bohn, Ulrich"]
[Result "0-1"]
[WhiteElo "2076"]
[BlackElo "2184"]
[PlyCount "117"]
[EventDate "2012.10.01"]
[EventType "swiss"]
[EventRounds "7"]
[EventCountry "FRA"]

1. e4 g6 2. d4 Bg7 3. Nf3 d6 4. Bd3 e5 5. dxe5 dxe5 6. O-O Ne7 7. Bb5+ Nd7 8.
b3 O-O 9. Bb2 c6 10. Bc4 b5 11. Be2 Bb7 12. a4 b4 13. Qd6 Rb8 14. Rd1 Nf6 15.
Qxb4 Ba8 16. Qa3 Qb6 17. Qxe7 Rfe8 18. Qa3 Nxe4 19. Rf1 Bf8 20. Qa2 Bc5 21. a5
Bxf2+ 22. Kh1 Qe3 23. Nbd2 Nxd2 24. Nxd2 Qxe2 25. Ne4 Qxe4 26. Rxf2 f5 27. b4+
Qd5 28. c4 Qe4 29. c5+ Qd5 30. Qa3 Re7 31. Qc3 Qd4 32. Qb3+ Qd5 33. Qa4 Rd8 34.
Rff1 Qe6 35. Rfd1 Rd5 36. Rxd5 cxd5 37. b5 a6 38. Rc1 axb5 39. Qxb5 Qc6 40.
Qxc6 Bxc6 41. Re1 e4 42. Ra1 Kf7 43. Kg1 Ke6 44. Kf2 Rb7 45. Ra2 f4 46. a6 Ra7
47. Bd4 Kf5 48. Ra5 g5 49. Ke2 Rxa6 50. Rxa6 Bb5+ 51. Kf2 e3+ 52. Ke1 Bxa6 53.
h3 Bb5 54. Bg7 h5 55. Kd1 Ke4 56. Kc2 d4 57. Bh6 Ba4+ 58. Kc1 g4 59. hxg4 0-1

[Event "NATO-ch 23nd"]
[Site "Brest"]
[Date "2012.10.02"]
[Round "3.12"]
[White "Karbowiak, Adam"]
[Black "Mottais, Francois"]
[Result "1-0"]
[WhiteElo "2154"]
[BlackElo "2051"]
[PlyCount "45"]
[EventDate "2012.10.01"]
[EventType "swiss"]
[EventRounds "7"]
[EventCountry "FRA"]

1. Nf3 d5 2. g3 c5 3. Bg2 Nc6 4. d4 cxd4 5. Nxd4 e5 6. Nxc6 bxc6 7. O-O Bc5 8.
c4 Ne7 9. Nc3 Be6 10. cxd5 cxd5 11. Qa4+ Bd7 12. Qh4 Bc6 13. b4 Bd4 14. Bb2 Qb6
15. a3 e4 16. b5 Bxc3 17. Bxc3 Bxb5 18. Bxg7 Nf5 19. Qg5 Nxg7 20. Qxg7 Ke7 21.
Rab1 Qc6 22. Qe5+ Kd7 23. Bh3+ 1-0

[Event "NATO-ch 23nd"]
[Site "Brest"]
[Date "2012.10.02"]
[Round "3.13"]
[White "Alaslar, Devrim"]
[Black "Balmaceda, Enrico"]
[Result "1-0"]
[WhiteElo "2153"]
[BlackElo "2080"]
[PlyCount "83"]
[EventDate "2012.10.01"]
[EventType "swiss"]
[EventRounds "7"]
[EventCountry "FRA"]

1. e4 d5 2. exd5 Qxd5 3. Nf3 c6 4. d4 Nf6 5. c4 Qd6 6. Be2 Bg4 7. O-O e6 8. Nc3
Be7 9. Be3 Nbd7 10. Rc1 O-O 11. h3 Bh5 12. Qd2 Qc7 13. d5 Bxf3 14. Bxf3 Ne5 15.
Qe2 Nxf3+ 16. Qxf3 e5 17. Rfd1 Rfd8 18. dxc6 bxc6 19. Rxd8+ Rxd8 20. Rd1 Rb8
21. b3 a6 22. Bg5 h6 23. Bxf6 Bxf6 24. Ne4 Be7 25. Qf5 Rd8 26. Rxd8+ Bxd8 27.
Nc5 a5 28. Qd7 Qxd7 29. Nxd7 Bc7 30. Kf1 f5 31. Nc5 Kf7 32. Na6 Bd8 33. Nb8 Ke6
34. Nxc6 Bb6 35. b4 axb4 36. Nxb4 Kd6 37. Nd5 Ba5 38. Ke2 Kc5 39. Ne7 f4 40.
Kd3 g5 41. Ng8 h5 42. Nf6 1-0

[Event "NATO-ch 23nd"]
[Site "Brest"]
[Date "2012.10.02"]
[Round "3.14"]
[White "Schott, Guido"]
[Black "Choate, Paul"]
[Result "1-0"]
[WhiteElo "2192"]
[BlackElo "2024"]
[PlyCount "135"]
[EventDate "2012.10.01"]
[EventType "swiss"]
[EventRounds "7"]
[EventCountry "FRA"]

1. e4 c6 2. d3 d5 3. Nd2 e5 4. Ngf3 Bd6 5. g3 Nf6 6. Bg2 O-O 7. O-O Re8 8. Re1
Nbd7 9. b3 a5 10. a4 Nf8 11. Bb2 Ng6 12. c3 dxe4 13. dxe4 b5 14. Qc2 Qb6 15.
Ba3 Bxa3 16. Rxa3 Qc5 17. Ra2 Bb7 18. Nf1 Ne7 19. Ne3 g6 20. Rd1 Red8 21. Raa1
Kg7 22. Ne1 Nd7 23. Nd3 Qb6 24. c4 Rac8 25. Bh3 f6 26. c5 Qc7 27. f4 Ra8 28.
Bxd7 Rxd7 29. fxe5 fxe5 30. Qc3 Rad8 31. Nxe5 Rxd1+ 32. Rxd1 Rxd1+ 33. Nxd1 Kg8
34. Qd4 Bc8 35. Nf2 bxa4 36. bxa4 Qb7 37. Qc4+ Kh8 38. Qc3 Kg8 39. Qxa5 Qb1+
40. Kg2 Kg7 41. Qc3 Ba6 42. Ned3+ Kf7 43. Qd4 Ke8 44. Qd6 Bc4 45. Qd4 Ba6 46.
Kf3 h5 47. Ne5 Bc8 48. Qc4 Bg4+ 49. Kg2 Kd8 50. a5 Qa1 51. Qd3+ Kc8 52. Nfxg4
Qb2+ 53. Kg1 Qc1+ 54. Kg2 Qb2+ 55. Nf2 Qxe5 56. Qa6+ Kd7 57. Qb7+ Qc7 58. Qxc7+
Kxc7 59. Nd3 Kb7 60. Nb4 g5 61. Kf3 Nc8 62. e5 Kc7 63. Ke4 Ne7 64. a6 Kb8 65.
e6 Kc7 66. Ke5 g4 67. Kf6 Nc8 68. Kg5 1-0

[Event "NATO-ch 23nd"]
[Site "Brest"]
[Date "2012.10.02"]
[Round "3.15"]
[White "Patron, Pascal"]
[Black "Papista, Akos"]
[Result "1/2-1/2"]
[WhiteElo "2015"]
[BlackElo "2159"]
[PlyCount "111"]
[EventDate "2012.10.01"]
[EventType "swiss"]
[EventRounds "7"]
[EventCountry "FRA"]

1. e4 e5 2. Nf3 Nc6 3. d4 exd4 4. Nxd4 Bc5 5. Nb3 Bb4+ 6. c3 Be7 7. Be3 Nf6 8.
N1d2 d5 9. Qc2 O-O 10. Bb5 Ne5 11. h3 dxe4 12. Nxe4 Qd5 13. Nxf6+ Bxf6 14. Bf1
Nc4 15. Bxc4 Qxc4 16. O-O-O Be6 17. Qd3 Qa4 18. Nc5 Qxa2 19. Nxe6 Qxe6 20. Rhe1
Qc6 21. Qd7 Qxg2 22. Qxc7 Rac8 23. Qa5 a6 24. Qf5 Qc6 25. Rg1 Bxc3 26. bxc3
Qxc3+ 27. Kb1 Rc4 28. Rd4 Qb3+ 29. Ka1 Ra4+ 30. Rxa4 Qxa4+ 31. Kb1 Qb3+ 32. Ka1
Qc3+ 33. Kb1 Rd8 34. Qc2 Qe5 35. Qb2 Qe4+ 36. Ka1 f6 37. Bh6 Qa4+ 38. Kb1 Rd1+
39. Rxd1 Qxd1+ 40. Bc1 Qd3+ 41. Ka1 Qxh3 42. Qxb7 Qc3+ 43. Kb1 Qd3+ 44. Kb2
Qd4+ 45. Kb1 Qd3+ 46. Ka1 h5 47. Qc8+ Kh7 48. Be3 h4 49. Qg4 g5 50. Bd4 Kg6 51.
Qd7 h3 52. Qe8+ Kf5 53. Qc8+ Ke4 54. Qg4+ Kd5 55. Qd7+ Kc4 56. Qa4+ 1/2-1/2

[Event "NATO-ch 23nd"]
[Site "Brest"]
[Date "2012.10.02"]
[Round "3.16"]
[White "De Waard, Marco"]
[Black "Redman, Michael"]
[Result "1/2-1/2"]
[WhiteElo "2117"]
[BlackElo "2016"]
[PlyCount "41"]
[EventDate "2012.10.01"]
[EventType "swiss"]
[EventRounds "7"]
[EventCountry "FRA"]

1. d4 Nf6 2. c4 e6 3. Nf3 b6 4. g3 Ba6 5. b3 Bb4+ 6. Bd2 Be7 7. Bg2 Bb7 8. O-O
O-O 9. Nc3 d5 10. Ne5 c6 11. Bf4 Nh5 12. e4 Nxf4 13. gxf4 f6 14. Nf3 dxe4 15.
Nxe4 Qc7 16. Qc1 Nd7 17. Bh3 e5 18. dxe5 fxe5 19. Nfg5 Bxg5 20. fxg5 Rf4 21.
Rd1 1/2-1/2

[Event "NATO-ch 23nd"]
[Site "Brest"]
[Date "2012.10.02"]
[Round "3.17"]
[White "Baxted, Peter"]
[Black "Franck, Boris"]
[Result "0-1"]
[WhiteElo "2003"]
[BlackElo "2087"]
[PlyCount "48"]
[EventDate "2012.10.01"]
[EventType "swiss"]
[EventRounds "7"]
[EventCountry "FRA"]

1. d4 g6 2. c4 Bg7 3. Nc3 d6 4. Nf3 c6 5. Bf4 Bg4 6. Qb3 Bxf3 7. exf3 Bxd4 8.
Qxb7 Nd7 9. Qxc6 Rc8 10. Qa4 Qb6 11. Qc2 Ne5 12. Bxe5 Bxe5 13. Be2 Nh6 14. Bd3
Nf5 15. Bxf5 gxf5 16. O-O Rxc4 17. Qxf5 e6 18. Qd3 Rb4 19. Rac1 Ke7 20. b3 Rg8
21. Na4 Qa5 22. g3 h5 23. Rc4 h4 24. Qd2 Rxa4 0-1

[Event "NATO-ch 23nd"]
[Site "Brest"]
[Date "2012.10.02"]
[Round "3.18"]
[White "Kedzierski, Slawomir"]
[Black "Koopmeiners, Karl"]
[Result "1-0"]
[WhiteElo "2086"]
[BlackElo "2015"]
[PlyCount "73"]
[EventDate "2012.10.01"]
[EventType "swiss"]
[EventRounds "7"]
[EventCountry "FRA"]

1. d4 d5 2. Nf3 Nf6 3. c4 c6 4. Nc3 e6 5. cxd5 exd5 6. Bg5 Be7 7. Qc2 O-O 8. e3
Nbd7 9. Bd3 Re8 10. O-O Nf8 11. Rab1 Ne4 12. Bxe7 Qxe7 13. b4 a6 14. a4 Ng6 15.
b5 axb5 16. axb5 Bg4 17. Bxe4 dxe4 18. Nd2 f5 19. bxc6 bxc6 20. Rfe1 Qg5 21.
Kh1 Nh4 22. Rg1 Bh5 23. Rb6 Ra1 24. Ncb1 h6 25. Rxc6 Kh7 26. Rb6 Rea8 27. Qc7
Ng6 28. Rb7 Rg8 29. Qg3 Qxg3 30. hxg3 Be2 31. Rc1 Bd3 32. Rcc7 Ra2 33. Kg1 Rc2
34. Rxc2 Bxc2 35. Nc3 Rc8 36. Nd5 Kg8 37. Rb6 1-0

[Event "NATO-ch 23nd"]
[Site "Brest"]
[Date "2012.10.02"]
[Round "3.19"]
[White "Oltean, Gusztav"]
[Black "Sycz, Dariusz"]
[Result "1/2-1/2"]
[WhiteElo "2081"]
[BlackElo "1990"]
[PlyCount "120"]
[EventDate "2012.10.01"]
[EventType "swiss"]
[EventRounds "7"]
[EventCountry "FRA"]

1. Nf3 Nf6 2. c4 b6 3. g3 Bb7 4. Bg2 c5 5. O-O g6 6. Nc3 Bg7 7. d4 cxd4 8. Nxd4
Bxg2 9. Kxg2 O-O 10. e4 Qc7 11. Qd3 Rc8 12. b3 Na6 13. Ndb5 Qb7 14. Ba3 Nc5 15.
Bxc5 Rxc5 16. Rad1 a6 17. Nd4 e6 18. f3 Rac8 19. Nce2 h5 20. h4 Bh6 21. Rh1 b5
22. cxb5 axb5 23. a4 bxa4 24. bxa4 Qa8 25. Ra1 e5 26. Nb5 d5 27. Nec3 d4 28.
Ne2 Rc2 29. Rhe1 Rd2 30. Qb3 Rcc2 31. Nd6 Qf8 32. Nc4 Rxe2+ 33. Rxe2 Rxe2+ 34.
Kf1 Re3 35. Nxe3 Bxe3 36. a5 Qc8 37. Kg2 Qa6 38. Ra2 d3 39. Ra1 Bd4 40. Rd1
Qxa5 41. Qxd3 Nd7 42. Qc4 Nc5 43. Kh3 Qa3 44. Qe2 Qb3 45. Kg2 Na4 46. Rc1 Nc3
47. Qd2 Kg7 48. Qc2 Qa3 49. Rf1 Qb4 50. Rc1 Qb5 51. Qd2 Qc4 52. Qc2 f6 53. Qd2
Qb3 54. Qc2 Qa3 55. Qd2 Qb3 56. Qc2 Qxc2+ 57. Rxc2 f5 58. exf5 gxf5 59. Rd2 Nb5
60. Ra2 Nc7 1/2-1/2

[Event "NATO-ch 23nd"]
[Site "Brest"]
[Date "2012.10.02"]
[Round "3.20"]
[White "Nyberg, Darwin"]
[Black "Narman, Gokhan"]
[Result "0-1"]
[WhiteElo "1971"]
[BlackElo "2075"]
[PlyCount "134"]
[EventDate "2012.10.01"]
[EventType "swiss"]
[EventRounds "7"]
[EventCountry "FRA"]

1. d4 Nf6 2. c4 g6 3. Nc3 d5 4. Bf4 c6 5. e3 Bg7 6. Be2 O-O 7. Nf3 Nbd7 8. cxd5
cxd5 9. h3 a6 10. O-O e6 11. Rc1 Nb6 12. Na4 Nxa4 13. Qxa4 Ne4 14. Qb4 Re8 15.
Bc7 Qe7 16. Qb6 Bf8 17. a3 f6 18. Rc2 Nd6 19. Rfc1 Bd7 20. Bxd6 Qxd6 21. Qxb7
Reb8 22. Qc7 Ba4 23. Qxd6 Bxd6 24. Rd2 Rc8 25. Rxc8+ Rxc8 26. g3 a5 27. Kg2 Rc1
28. Bd3 Bb3 29. Ng1 Kf7 30. Ne2 Rc8 31. Nc3 Bxa3 32. bxa3 Rxc3 33. Bf1 a4 34.
Rb2 Ke7 35. Bb5 Kd6 36. Kf1 e5 37. Ke1 Rc1+ 38. Kd2 Ra1 39. Kc3 Rxa3 40. Kb4
Ra1 41. Rd2 e4 42. Be8 g5 43. Rb2 Ke7 44. Bb5 Kd6 45. Be8 Bd1 46. Rd2 Rb1+ 47.
Ka3 Rb3+ 48. Ka2 Rd3 49. Rb2 a3 50. Rb6+ Kc7 51. Rxf6 Bf3 52. Bf7 Rd2+ 53. Kxa3
Rxf2 54. Bxd5 Re2 55. Kb4 Rxe3 56. Kc5 Rc3+ 57. Bc4 Be2 58. Rf7+ Kb8 59. Kb6
Rxc4 60. Rxh7 Kc8 61. Rg7 Bd3 62. Rg8+ Kd7 63. Rg7+ Kd6 64. Rxg5 e3 65. Re5 e2
66. Re3 Rc1 67. Rxd3 e1=Q 0-1

[Event "NATO-ch 23nd"]
[Site "Brest"]
[Date "2012.10.02"]
[Round "3.21"]
[White "Soulie, Cedric"]
[Black "Engelen, Johan"]
[Result "1/2-1/2"]
[WhiteElo "2073"]
[BlackElo "1953"]
[PlyCount "28"]
[EventDate "2012.10.01"]
[EventType "swiss"]
[EventRounds "7"]
[EventCountry "FRA"]

1. g4 d5 2. Bg2 Bxg4 3. c4 c6 4. cxd5 cxd5 5. Qb3 Nc6 6. Bxd5 Qd7 7. Bxf7+ Kd8
8. Bxg8 Nd4 9. Qd5 Nc2+ 10. Kd1 Nxa1 11. Qxd7+ Bxd7 12. Bd5 e6 13. Bc4 b5 14.
Bd3 a5 1/2-1/2

[Event "NATO-ch 23nd"]
[Site "Brest"]
[Date "2012.10.02"]
[Round "3.22"]
[White "Adolfssen, Rico"]
[Black "Maciokas, Kostas"]
[Result "1/2-1/2"]
[WhiteElo "1876"]
[BlackElo "2064"]
[PlyCount "61"]
[EventDate "2012.10.01"]
[EventType "swiss"]
[EventRounds "7"]
[EventCountry "FRA"]

1. d4 d5 2. c4 Nf6 3. cxd5 Nxd5 4. e4 Nf6 5. Nc3 e6 6. Bg5 Be7 7. e5 Nd5 8.
Bxe7 Qxe7 9. Qb3 c6 10. Ne4 Qb4+ 11. Qxb4 Nxb4 12. Nd6+ Ke7 13. Kd2 f5 14. Bc4
Nd7 15. Ne2 Nb6 16. Bb3 Rb8 17. Nf4 Bd7 18. Rac1 Rhd8 19. a3 Na6 20. Rhd1 Nc8
21. Nxc8+ Rbxc8 22. Ke3 Nc7 23. a4 Nd5+ 24. Nxd5+ cxd5 25. f4 Rc6 26. Rxc6 Bxc6
27. Rc1 Kd7 28. Bc2 b5 29. a5 b4 30. Bd3 Rc8 31. Kd2 1/2-1/2

[Event "NATO-ch 23nd"]
[Site "Brest"]
[Date "2012.10.02"]
[Round "3.23"]
[White "Bublys, Vaidotas"]
[Black "Zengin, Sedat"]
[Result "0-1"]
[WhiteElo "1930"]
[BlackElo "2056"]
[PlyCount "30"]
[EventDate "2012.10.01"]
[EventType "swiss"]
[EventRounds "7"]
[EventCountry "FRA"]

1. d4 Nf6 2. Nf3 g6 3. c4 Bg7 4. Nc3 d5 5. Bf4 O-O 6. e3 c5 7. Be2 dxc4 8. Bxc4
Qa5 9. O-O cxd4 10. Nxd4 e5 11. Bxe5 Qxe5 12. Qb3 Nc6 13. Nf3 Qc5 14. Na4 Qb4
15. Qc2 Bf5 0-1

[Event "NATO-ch 23nd"]
[Site "Brest"]
[Date "2012.10.02"]
[Round "3.24"]
[White "Dilek, Cihan"]
[Black "Toll, Alec"]
[Result "1/2-1/2"]
[WhiteElo "1867"]
[BlackElo "2054"]
[PlyCount "58"]
[EventDate "2012.10.01"]
[EventType "swiss"]
[EventRounds "7"]
[EventCountry "FRA"]

1. e4 Nc6 2. d4 d5 3. e5 Bf5 4. Nf3 e6 5. Be2 Nb4 6. Na3 c5 7. c3 Nc6 8. Nc2 h6
9. O-O g5 10. dxc5 Bxc5 11. Ncd4 Nge7 12. Nxf5 Nxf5 13. Bd3 g4 14. Nd2 g3 15.
Bxf5 Bxf2+ 16. Kh1 exf5 17. Nf3 Qb6 18. Qe2 O-O-O 19. Bf4 d4 20. cxd4 Nxd4 21.
Nxd4 Rxd4 22. hxg3 Rxf4 23. gxf4 Bg3 24. Rf3 Rg8 25. Rc1+ Kb8 26. Qc2 a6 27.
Qxf5 Qxb2 28. Rcf1 Qxa2 29. Qh3 Qe2 1/2-1/2

[Event "NATO-ch 23nd"]
[Site "Brest"]
[Date "2012.10.02"]
[Round "3.25"]
[White "Demjen, Attila"]
[Black "Parisse, Denis"]
[Result "1/2-1/2"]
[WhiteElo "2053"]
[BlackElo "1903"]
[PlyCount "28"]
[EventDate "2012.10.01"]
[EventType "swiss"]
[EventRounds "7"]
[EventCountry "FRA"]

1. e4 e6 2. d4 d5 3. Nd2 Nf6 4. e5 Nfd7 5. Bd3 c5 6. c3 Nc6 7. Ne2 cxd4 8. cxd4
Be7 9. O-O O-O 10. Nf3 f6 11. exf6 Nxf6 12. Bg5 Ne4 13. Bxe7 Qxe7 14. Ng3 Ng5
1/2-1/2

[Event "NATO-ch 23nd"]
[Site "Brest"]
[Date "2012.10.02"]
[Round "3.26"]
[White "Maes, Patrick"]
[Black "Kaygisiz, Ozgur Can"]
[Result "1-0"]
[WhiteElo "2042"]
[BlackElo "1899"]
[PlyCount "93"]
[EventDate "2012.10.01"]
[EventType "swiss"]
[EventRounds "7"]
[EventCountry "FRA"]

1. e4 c5 2. d3 Nc6 3. Nf3 g6 4. g3 Bg7 5. Bg2 b5 6. O-O Bb7 7. c3 e5 8. Bg5
Nge7 9. Na3 a6 10. Nc2 O-O 11. Qd2 Qc7 12. h4 Rfe8 13. Nh2 f6 14. Bh6 Bh8 15.
Ne3 d6 16. f4 b4 17. f5 bxc3 18. bxc3 Nb8 19. Rab1 Nd7 20. g4 Rab8 21. g5 Ba8
22. Rxb8 Rxb8 23. fxg6 hxg6 24. Bh3 Kf7 25. h5 Rg8 26. Qe2 d5 27. Qg4 Nf8 28.
hxg6+ Nexg6 29. Qh5 dxe4 30. Neg4 Nh7 31. Nxf6 Nxf6 32. Ng4 exd3 33. Nxf6 Qc6
34. Ne4+ Ke7 35. Qg4 Nf4 36. Qf5 Nxh3+ 37. Kh2 Nf4 38. Qh7+ Bg7 39. Bxg7 Rxg7
40. Qxg7+ Kd8 41. Rb1 Qc8 42. Qf6+ Kd7 43. Qd6+ Ke8 44. Rb8 Bb7 45. Qxe5+ Kd7
46. Rxc8 Kxc8 47. Qxf4 1-0